Zákon o cestovných náhradách

Zamestnancovi vyslanému na tuzemskú pracovnú cestu patria nárokové cestovné náhrady, medzi ktoré patrí náhrada preukázaných cestovných výdavkov, náhrada preukázaných výdavkov za ubytovanie, stravné, náhrada preukázaných potrebných vedľajších výdavkov a náhrada preukázaných cestovných výdavkov za ces...

Descrizione completa

Salvato in:
Dettagli Bibliografici
Autore principale: Ivanáková, Daniela
Natura: Capitolo di libro
Lingua:slovacco
Soggetti:
Tags: Aggiungi Tag
Nessun Tag, puoi essere il primo ad aggiungerne!!

MARC

LEADER 00000naa a2200000 4500
001 0308753
005 20250526122619.5
041 0 |a slo 
044 |a SK 
245 1 0 |a Zákon o cestovných náhradách  |c Daniela Ivanáková 
520 |a Zamestnancovi vyslanému na tuzemskú pracovnú cestu patria nárokové cestovné náhrady, medzi ktoré patrí náhrada preukázaných cestovných výdavkov, náhrada preukázaných výdavkov za ubytovanie, stravné, náhrada preukázaných potrebných vedľajších výdavkov a náhrada preukázaných cestovných výdavkov za cesty na návštevu rodiny. Cestovné výdavky sú všetky výdavky zamestnanca, ktoré vynaložil v súvislosti s uskutočnenou tuzemskou pracovnou cestou na dopravu. Pri uznávaní cestovných výdavkov treba vždy vychádzať z toho, aký spôsob a druh dopravy bol pred vyslaním zamestnanca na tuzemskú pracovnú cestu určený zamestnávateľom v podmienkach tuzemskej pracovnej cesty. Cestovné výdavky preukazuje zamestnanec dokladom z konkrétne určeného druhu a spôsobu dopravy. 
610 2 0 |a cesty pracovné 
610 2 0 |a cestovné 
610 2 0 |a zamestnanci 
610 2 0 |a zamestnávatelia 
610 2 0 |a doprava 
100 1 |a Ivanáková, Daniela